| 000 | 00530nam a2200169 4500 | ||
|---|---|---|---|
| 001 | 111311 | ||
| 003 | ES-MaACL | ||
| 005 | 20230906185300.0 | ||
| 007 | t| | ||
| 008 | 061121s1940 sp r ||||1| spa d | ||
| 100 | 1 |
_aNájera Angulo, Luis. _984870 |
|
| 245 | 1 | 0 |
_aDescripción de un dispositivo nuevo para la cría de Phlebotomus / _cpor Luis Nájera Angulo. |
| 260 |
_a[s.l. : _bs.n.], _c1940. |
||
| 300 |
_a12 p. ; _c22 cm. |
||
| 500 | _aEs tirada aparte de ` Africa Mádica` nº 8. | ||
| 852 |
_aES-MaACL _j1834-F-27 _bR.18689 |
||
| 999 |
_c111311 _d111311 |
||